000 00511nam a2200133Ia 4500
008 100328s9999 xx 000 0 und d
082 _b74631
100 _aबेदरकर कुमुद.
245 _aमहाभारतातील महान स्त्रिया.
260 _bअस्मिता.
630 _aमहाभारतातील महान स्त्रिया.
730 _aमहाभारतातील महान स्त्रिया.
942 _cBOOK
999 _c560352
_d560349